000 00673cam a22002533a 4500
001 29975
003 PGUSA
005 20140828083640.0
008 090913s2009||||xxu|||||s|||||000 1 eng d
040 _aPGUSA
_beng
042 _adc
050 4 _aPS
100 1 _aLeahy, Tom
245 1 0 _aOne Martian Afternoon
_h[electronic resource] /
_cTom Leahy
260 _bProject Gutenberg,
_c2009
506 _aPublic domain in the USA.
516 _aElectronic text
653 _aShort stories
653 _aScience fiction
653 _aMars (Planet) -- Fiction
830 0 _aProject Gutenberg
_v29975
856 4 0 _uhttp://www.gutenberg.org/ebooks/29975
942 _cEB
999 _c259230
_d259230